Ховордсон ан амьтад /Хүүхдийн танин мэдэхүйн цувралаас/ (Бичлэгийн дугаар. 853679)

MARC дэлгэрэнгүй
000 -Удирдлага
Ном зүйн бүртгэл тоо буюу кодлох утгыг агуулсан 00851nam a22002297a 4500
008 - ЕРӨНХИЙ МЭДЭЭЛЭЛ-ЭЛЕМЕНТҮҮДИЙН ӨГӨГДЛИЙН УРТ
fixed length control field 240606b mp ||||| |||| 00| 0 mon d
020 ## - ОЛОН УЛСЫН СТАНДАРТ НОМЫН ДУГААР-ISBN
Олон Улсын Стандарт Номын Дугаар 99929-0-472-0
035 ## - СИСТЕМИЙН ХЯНАЛТЫН ДУГААР
Системийн хяналтын дугаар 12527
040 ## - ЭХ СУРВАЛЖИЙГ ТОДОРХОЙЛОН БИЧИХ
Анхны каталогийн байгууллага BUL0163080
Каталогийн хэл Монгол
Бичлэг хийж нэвтрүүлэх байгууллага MN-UlNLM
Өөрчлүүлэх байгууллага MN-UlNLM
Бичиглэлийн тодорхойлолт rda
041 ## - ХЭЛНИЙ КОД
Текстийн хэлний код/фонограм буюу салангид гарчиг Монгол
042 ## - AUTHENTICATION CODE
Authentication code 24674
084 ## - БУСАД АНГИЛЛЫН ДУГААР
Ангиллын нэр Номын сан номзүйн ангилал
Анги 28.6
Зохиогчийн 3-н тэмдэгт К 92
100 ## - ЗОХИОГЧИЙН ХЭСЭГ
Зохиогчийн нэр Куппэр Х.
245 #0 - ҮНДСЭН ГАРЧИГ
Гарчиг Ховордсон ан амьтад /Хүүхдийн танин мэдэхүйн цувралаас/
264 ## - ГАРАЛТЫН МЭДЭЭ
Хэвлэгдсэн газар Улаанбаатар
Бүтээгч, хэвлэгч, түгээгч, үйлдвэрлэгчийн нэр "МОНСУДАР" ХГ
300 ## - ТООНЫ МЭДЭЭ
Хуудасны тоо 10 х.
336 ## - АГУУЛГЫН ТӨРӨЛ
Нөөц rdacontent
Агуулгын төрлийн нөхцөл text
Агуулгын төрлийн код txt
337 ## - MEDIA TYPE
Эх сурвалж rdamedia
Файлын төрөл unmediated
Файлын код n
338 ## - CARRIER TYPE
Source rdacarrier
Carrier type term volume
Carrier type code nc
650 ## - Сэдэв
Сэдэв Ховордсон ан амьтад Ховордсон ан амьтад, Хила Куппэр, ховор амьтад, ан амьтан, амьтан ...
942 ## - ЭЛЕМЕНТИЙН ТӨРӨЛ
Анги Номын сан номзүйн ангилал
Төрөл Ном
Захиалгууд
Буцаан татагдсан төлөв Хасагдсан шалтгаан Гэмтсэн төлөв Данс заагч Захиалах боломжгүй Үндсэн номын сан Одоогийн байршил Салбар танхим Салбар танхим Бүртгэсэн огноо Тавиурын заалт Баркод Үнэ Хамгийн сүүлд байсан огноо Нийт уншлаганд гарсан тоо Дансны дугаар Төрөл
          Булган Булган Булган | Нийтийн уншлага Булган | Нийтийн уншлага 2024-06-09 28.6 К 92 BUL0112527-1-1 500.00 2024-06-09   25031 Ном
          Булган Булган Булган | Салбар номын сан Булган | Салбар номын сан 2024-06-09 28.6 К 92 BUL0112527-6-1 500.00 2024-06-09   26778 Ном